000 00536nam a2200157Ia 4500
003 GCL
008 140319s9999 xx 000 0 ara d
040 _aGCL /
_cGCL
082 0 4 _a621.3817
_bر ا
100 1 _aرادونسكايا، ى.
245 1 0 _aالالكترونيات والحياة الحديثة /
_cرادونسكايا، ى.
700 1 _aحسين احمد عيسى
260 _a[S.N] :
_bالهيئة المصرية العامة للكتاب ،
_c1986
300 _a239
490 _aالالف كتاب الثانى
_v0
999 _c28797
_d28797